000
00329nam a2200133Ia 4500
999
_c
7780
_d
7780
008
191201s2012 xx 000 0 und d
020
_a
9788131761410
100
_a
HOFFER,Jeffroy A
245
0
_a
Modern Systems Analysis and Design
250
_a
IMP 1st
260
_c
2012
_b
pearson
_a
NEW DELHI
300
_a
544
942
_2
ddc
_c
BK